|
|
|
|
| LEADER |
01725cas a2200253 a 4500 |
| 001 |
AALejournalIMF022653 |
| 008 |
230101c9999 xx r poo 0 0eng d |
| 020 |
|
|
|c 5.00 USD
|
| 020 |
|
|
|z 9798400205521
|
| 022 |
|
|
|a 2663-3493
|
| 040 |
|
|
|a BD-DhAAL
|c BD-DhAAL
|
| 110 |
2 |
|
|a International Monetary Fund.
|
| 245 |
1 |
4 |
|a The Managing Director's Global Policy Agenda, Spring Meetings 2022.
|
| 264 |
|
1 |
|a Washington, D.C. :
|b International Monetary Fund,
|c 2022.
|
| 300 |
|
|
|a 1 online resource (5 pages)
|
| 490 |
1 |
|
|a Policy Papers
|
| 500 |
|
|
|a <strong>Off-Campus Access:</strong> No User ID or Password Required
|
| 500 |
|
|
|a <strong>On-Campus Access:</strong> No User ID or Password Required
|
| 506 |
|
|
|a Electronic access restricted to authorized BRAC University faculty, staff and students
|
| 520 |
3 |
|
|a The global policy agenda that follows recalibrates priorities to meet the new reality we are facing. The IMF also continues to adjust to respond to the rapidly evolving needs of our membership. Our flexibility has been evident over the past two years of the COVID crisis: unprecedented emergency financing; a historic Special Drawing Rights (SDR) allocation; an innovative plan to end the pandemic. Now, as we face another crisis on top of a crisis, we will continue to step up and support our member countries in every way we can-with financial resources, policy advice, and capacity development-working in collaboration with our international partners.
|
| 538 |
|
|
|a Mode of access: Internet
|
| 650 |
|
7 |
|a Monetary Policy
|2 imf
|
| 830 |
|
0 |
|a Policy Papers; Policy Paper
|v ;No. 2022/015
|
| 856 |
4 |
0 |
|z Full text available on IMF
|u https://elibrary.imf.org/openurl?genre=journal&issn=2663-3493&volume=2022&issue=015
|z IMF e-Library
|